00397nam a2200109Ia 4500008004100000020001800041082001900059100002200078245014700100260003100247300000900278210430s9999 xx 000 0 und d a9789694073408 a181.07 S5241 H a Prof.M.M. Sharif 2aA History of Muslim Philosophy: with short accounts of other disciplines and the modern renaissance in Muslim lands VoL-1 /c Prof.M.M. Sharif aPakistanbM.M.Sharifc2007 a787p